Table Tennis Trivia - Statistics

General Stats
  • This quiz has been taken 16 times
  • The average score is 9 of 22
Answer Stats
Question Answer % Correct
A "let" serve occurs when the ball touches the net assembly and then lands in the receiver’s court. How many consecutive times can this happen before the server loses the point? Unlimited
86%
Chinese player Ma Lin popularised a serve known as the "Ghost Serve". What is special about this serve? The ball bounces back toward the net after hitting the opponent's side
71%
Table tennis is now a staple of the Summer Games, but in what year and city did it make its official Olympic debut? 1988 Seoul
64%
In modern table tennis, what is a "snake shot"? A deceptive shot hit from below the table with heavy spin
64%
What was the game originally known as before ping pong or table tennis? Whiff-waff
57%
In 1952, Hiroji Sato revolutionised the game by becoming world champion using what new equipment innovation? Sponge rubber bat
50%
London is the host city for the 2026 World Team Championships. Prior to this, in what year and city did England last host the World Table Tennis Championships? 1997, Manchester
43%
According to ITTF regulations and umpire guidelines, what is the maximum angle from the vertical that a serve toss is allowed to deviate while still being considered "near vertical"? 30 degrees
43%
Before World War II, which country dominated the sport, capturing 49 of the 83 world titles contested? Hungary
43%
Which legendary player is widely celebrated as the "Mozart of Table Tennis" for his artistic and improvisational style? Jan-Ove Waldner
43%
Which of the following is NOT a real name for a type of serve or shot in table tennis? Mango flick
43%
To achieve a "Grand Slam" in table tennis, a player must win singles titles in the Olympics, World Championships, and which other event? World Cup
43%
The very first official World Table Tennis Championships were held at Memorial Hall on Farringdon Street in London. In what year did this landmark event take place? 1926
36%
Werner Schlager from Austria is famously the last non-Asian player to win the Men's Singles World Championship. In what year did he achieve this feat? 2003
36%
In the modern era (post-2001), table tennis games were shortened from 21 points to 11 points and the ball size was increased to what? 40mm
36%
Tom Jarvis is currently England’s highest-ranked male player. What was the career-high ITTF World Ranking he reached in early 2026? 59
29%
The 1971 "Ping Pong Diplomacy" between the USA and China was famously sparked when an American player did what? Boarded the Chinese team bus
29%
What is the primary functional characteristic of "Long Pips" (Long Pimples) rubber during a rally? It tends to reverse the opponent's spin
29%
At the 2016 World Team Championships in Kuala Lumpur, the England men's team completed a historic underdog run. What was the highest stage they reached? Semi-Finals
29%
Since moving to the 11-point system, what is the record for the highest score in a single professional game (set at the 2016 Olympics)? 33-31
21%
Romania's Angelica Rozeanu holds the standing record for winning how many consecutive Women's World Singles titles? 6
14%
Which historic trophy, named after the mother of the first ITTF president, is still awarded to the winners of the Men's Team event at the World Championships? Swaythling Cup
14%
No matching quizzes found
Score Distribution
Percent of People with Each Score
Percentile by Number Answered
Your Score History
You have not taken this quiz